000 00725nam a2200241Ia 4500
003 OSt
005 20220923215710.0
006 a|||||r|||| 00| 0
007 ta
008 220922b |||||||| |||| 00| 0 hin d
024 _a180,983
037 _cTextual
040 _aARTS
_cARTS
_bhin
041 _2hin
_ahin
082 _aO152,1N271x, L1
100 _aरस्तोगी, शैल
245 0 _aजंग लगे दर्पण
246 _aJanga lage darpaṇa
260 _aसाहिबाबाद
_b वि0 भू0 प्रकाशन
_c1977
300 _a80 पृ.
_ccm.
942 _hO152,1N271x, L1
_cTEXL
_2CC
999 _c334361
_d334361